LEADER 00639nam0-22002411i-450- 001 990001221730403321 005 20120731155652.0 035 $a000122173 035 $aFED01000122173 035 $a(Aleph)000122173FED01 035 $a000122173 100 $a20001205d1965----km-y0itay50------ba 101 0 $aeng 200 1 $aReguläre Figuren$fby Fejes Tňth L. 210 $as.l.$cAkadémiai Kiadň$d1965. 700 1$aFejes Toth,$bLászlo$0424017 801 0$aIT$bUNINA$gRICA$2UNIMARC 901 $aBK 912 $a990001221730403321 952 $a27-F-37$b5852$fMA1 959 $aMA1 996 $aReguläre Figuren$9343174 997 $aUNINA LEADER 00900cam0-22003371i-450 001 990007103140403321 005 20180226132556.0 010 $a88-7062-564-8 035 $a000710314 100 $a20020705d1985----km-y0itay50------ba 101 0 $aita 102 $aIT 105 $ay-------001yy 200 1 $aGnosticismo e pensiero moderno$eHans Jonas$fIoan Petru Culianu 210 $aRoma$cL'Erma di Bretschneider$d1985 215 $a153 p.$d24 cm 225 1 $aStoria delle religioni$v1 610 0 $aGnosticismo 610 0 $aJonas, Hans 676 $a299.932 676 $a273 700 1$aCulianu,$bIoan Petru$0152177 801 0$aIT$bUNINA$gRICA$2UNIMARC 901 $aBK 912 $a990007103140403321 952 $aII L 61$b38603$fFSPBC 952 $a200/3 0551$fFLFBC 959 $aFSPBC 959 $aFLFBC 996 $aGnosticismo e pensiero moderno$9470673 997 $aUNINA